Online Catalogue and eLibrary

Colonial hegemony and popular resistance : (Record no. 296)

MARC details
000 -LEADER
fixed length control field 00722pam a2200217 a 4500
001 - CONTROL NUMBER
control field 1183046
005 - DATE AND TIME OF LATEST TRANSACTION
control field 20240206015216.0
008 - FIXED-LENGTH DATA ELEMENTS--GENERAL INFORMATION
fixed length control field 971030s1998 caub b 001 0 eng
020 ## - INTERNATIONAL STANDARD BOOK NUMBER
ISBN 0761992308 (cloth : alk. paper)
040 ## - CATALOGING SOURCE (பட்டியலாக்க மூலம்)
Original cataloging agency DLC
Transcribing agency DLC
Modifying agency DLC
082 00 - DDC Classification
Class No. 306/.09544
DDC Edition Number 21
Item Number - Author Mark HIR.
100 0# - MAIN ENTRY--PERSONAL NAME
Personal name Hira Singh.
245 10 - TITLE STATEMENT
Title Colonial hegemony and popular resistance :
Remainder of title princes, peasants, and paramount power /
Statement of responsibility, etc. Hira Singh.
260 ## - PUBLICATION, DISTRIBUTION, ETC.
Place of publication, distribution, etc. Walnut Creek, CA :
Name of publisher, distributor, etc. Sage Publications,
Date of publication, distribution, etc. 1998.
300 ## - PHYSICAL DESCRIPTION
Extent (e.g. Volumes, Pages etc.) 274 p. :
650 #0 - SUBJECT ADDED ENTRY--TOPICAL TERM
Topical term or geographic name entry element Landlords
650 #0 - SUBJECT ADDED ENTRY--TOPICAL TERM
Topical term or geographic name entry element Peasants
856 41 - ELECTRONIC LOCATION AND ACCESS
Uniform Resource Identifier <a href="http://www.loc.gov/catdir/enhancements/fy0657/97045135-t.html">http://www.loc.gov/catdir/enhancements/fy0657/97045135-t.html</a>
856 42 - ELECTRONIC LOCATION AND ACCESS
Uniform Resource Identifier <a href="http://www.loc.gov/catdir/enhancements/fy0660/97045135-d.html">http://www.loc.gov/catdir/enhancements/fy0660/97045135-d.html</a>
942 ## - Koha item type (Biblio)
Koha item type Books in Stacks (Lending)
Holdings
Lost status Damaged status Collection code Home library Current library Date acquired Full call number Accession Number Item type
    Lending WERC Library WERC Library 02/06/2024 306/.09544 HIR. 2730 Books in Stacks (Lending)

© WERC Library